| Tag |
First Indicator |
Second Indicator |
Subfields |
| LEADER |
00000cam a2200000 4500 |
| 001 |
in00000050200 |
| 005 |
20151007065819.0 |
| 008 |
750506s1927 nyu 00000 eng u |
| 010 |
|
|
|a 27024355
|
| 035 |
|
|
|a (OCoLC)01314993
|
| 035 |
|
|
|9 AAE2735AM
|
| 040 |
|
|
|c GAT
|d TXA
|d UtOrBLW
|
| 049 |
|
|
|a TXAM
|c [87592]
|
| 050 |
0 |
0 |
|a QB145
|b .H6 1927
|
| 092 |
|
|
|a 522
|b H758m2
|
| 100 |
1 |
|
|a Holt, Andrew H.
|q (Andrew Hall)
|
| 245 |
1 |
2 |
|a A manual of field astronomy /
|c by Andrew H. Holt ...
|
| 250 |
|
|
|a 2d ed.
|
| 264 |
|
1 |
|a New York :
|b Wiley;
|a London :
|b Chapman & Hall,
|c 1927.
|
| 300 |
|
|
|a xiv, 126 pages :
|b illustrations, tables, diagrams, frontispiece ;
|c 17 cm.
|
| 336 |
|
|
|a text
|b txt
|2 rdacontent
|
| 337 |
|
|
|a unmediated
|b n
|2 rdamedia
|
| 338 |
|
|
|a volume
|b nc
|2 rdacarrier
|
| 650 |
|
0 |
|a Spherical astronomy.
|
| 740 |
0 |
|
|a Field astronomy.
|
| 999 |
|
|
|a MARS
|
| 999 |
f |
f |
|s 0ea8daf8-790b-371e-8e68-408c6f4247c3
|i 467118bf-e3da-3f34-8bdd-eca0bbf52f76
|t 0
|
| 952 |
f |
f |
|p ric
|a Texas A&M University
|b Rellis Campus
|c Joint Library Facility
|d Remote Storage
|t 0
|e QB145 .H6 1927
|h Library of Congress classification
|i unmediated -- volume
|m A14800899197
|
| 998 |
f |
f |
|a QB145 .H6 1927
|t 0
|l Remote Storage
|